000 00865cam a2200289Mi 4500
001 19689
005 20230410130547.0
008 060907s2003 sp 000 0 spa d
035 _a(OCoLC)ocm53845900
040 _aI5B
_bspa
_cI5B
_dOCLCQ
020 _a847432999X
020 _a9788474329995
029 0 _aI5B
_b192084
035 _a(OCoLC)53845900
049 _aGRAL
050 1 4 _aPN 1992.6 R696c 2003
100 1 _aRodríguez Pastoriza, Francisco.
245 1 0 _aCultura y televisión. Una relación de conflicto /
_cFrancisco Rodríguez Pastoriza.
260 _aBarcelona :
_bGedisa,
_c2003.
300 _a205 p. ;
_c20 cm.
440 0 _aEstudios de Televisiâon ;
_v19
500 _aRústica.
500 _aInformación bibliográfica.
938 _aIberbook International S.L.
_bIBER
_n192084
_cEUR11.90
942 _2lcc
_cbk
994 _aC0
_bDRFGD
999 _c76172
_d76172